• 首页
  • 本馆介绍
  • 公告通知
  • 最新文献
  • 馆藏检索
  • 电子资源
  • 读者导购
  • 参考咨询
  • 我的图书馆
  • 登录
  • 详细信息显示
  • 放入我的书架
  • 预约/预借图书
  • 作者相关作品
  • 分类相关作品
  • 丛书相关作品
  • 出版社相关作品

书目信息

  • 表格格式
  • 工作单格式
  • 卡片格式
书名: Theory of subject analysis
作者: edited by Lois Mai Chan, Phyllis A. Richmond, Elaine Svenonius.
分册号:
分册名:
出版地: Littleton, Colo. :
 
出版社: Libraries Unlimited
出版时间: 1985.
页数: xv, 415 p. :
开本: 25 cm.
丛书名:
中图分类号:
科图分类号:
其他分类号: G254.2-53
主题词:
电子资源:
000 01009cam 2200325 a 4504
001 E0761087385
003 OCoLC
005 20070226165933.98
008 040421s1985 coua b 001 0 eng
010    @a85015978 //r902
020    @a0872874893 :@c$36.00.
040    @aDLC@cDLC@dOCL@dAGL@dWSU
050 00 @aZ695@b.T485 1985
070 0  @aZ695.T48
072  0 @aX200
082 00 @a025.4 @2 19
090    @aI265.58/W13
090    @aG254.2-53
099    @dG254.2-53@ex19
245 00 @aTheory of subject analysis :@ba sourcebook / @cedited by Lois Mai Chan, Phyllis A. Richmond, Elaine Svenonius.
260    @aLittleton, Colo. :@bLibraries Unlimited,@c1985.
300    @axv, 415 p. :@bill. ;@c25 cm.
504    @aIncludes bibliographies and indexes.
650  0 @aIndexing.
650  0 @aSubject cataloging.
650  0 @aClassification@xBooks.
700 1  @aChan, Lois Mai.
700 1  @aRichmond, Phyllis A.
700 1  @aSvenonius, Elaine.
920    @a232010@z2
    
    Theory of subject analysis : : a sourcebook / / edited by Lois Mai Chan, Phyllis A. Richmond, Elaine Svenonius.-Littleton, Colo. : : Libraries Unlimited, , 1985.
    xv, 415 p. : : ill. ; ; 25 cm.
    Includes bibliographies and indexes.
    
    ISBN 0872874893 :$36.00.
    
●
相关链接 在E读中查询图书 在五车中查询图书 在当当中查询图书 在豆瓣中查询图书


正题名:Theory of subject analysis     索取号:G254.2-53/x19         预约/预借

序号 登录号 条形码 馆藏地/架位号 状态 备注
1 183954   001171243   第二样本阅览室/ [索取号:G254.2-53/x19] 在馆    
2 183955   001171234   第四借阅区/ [索取号:G254.2-53/x19] 在馆    
唐山师范学院图书馆 欢迎您!
大连网信软件有限公司© 版权所有